| 000 | 00845nam a22002057a 4500 | ||
|---|---|---|---|
| 999 |
_c2419 _d2419 |
||
| 003 | AR-CdUCM | ||
| 008 | 190304b ||||| |||| 00| 0 spa d | ||
| 040 |
_aMUNICIPALIDAD PROVINCIAL DEL CUSCO _cBIBLIOTECA MUNICIPAL DEL CUSCO |
||
| 082 |
_a985.009 / _bG22 |
||
| 100 |
_aGamio Palacio, Fernando _98687 |
||
| 245 | _aLos abogados en las grandes causas nacionales / | ||
| 260 |
_aLima : _bColegio de Abogados de Lima, _c1976. |
||
| 300 |
_a127 páginas _c24cm. |
||
| 505 | _aAbogados Principales Próceres de Proceso de la Emancipación -- Participación del colegio de abogados de Lima -- EL Héroe Civil y presidente Mártir Dr. Francisco Garcia Carderon - Abogados Héroes de la Defensa de Lima en la Guerra del Pacifico. | ||
| 650 |
_aHistoria _9136 |
||
| 650 |
_aAbogado _98688 |
||
| 650 |
_aPerú _935 |
||
| 942 |
_2ddc _cPP |
||
| 945 | _admma | ||